[Event "Araraquara op"]
[Site "Araraquara"]
[Date "2023.02.21"]
[Round "5.33"]
[White "Bucci, Andrea Vidigal"]
[Black "Bastos, Ricardo Alves"]
[Result "1-0"]
[WhiteElo "1708"]
[BlackElo "1413"]
[PlyCount "37"]
[EventDate "2023.02.19"]
[EventType "swiss"]
[EventRounds "6"]
[EventCountry "BRA"]
[SourceTitle "CBM 213 Extra"]
[Source "ChessBase"]
[SourceDate "2023.05.31"]
[SourceVersion "1"]
[SourceVersionDate "2023.05.31"]
[SourceQuality "1"]

1. e4 c5 2. Nf3 e6 3. d4 cxd4 4. Nxd4 Nc6 5. Nc3 Qc7 6. Ndb5 Qd8 7. Be3 a6 8. Nd4 Bb4 9. Nxc6 bxc6 10. Qd4 c5 11. Qd2 Nf6 12. f3 d5 13. exd5 exd5 14. a3 Bxc3 15. bxc3 0-0 16. Be2 Be6 17. 0-0 Qc7 18. f4 Ne4 19. Qd3 1-0

[Event "BRA Amateur-ch U1800"]
[Site "Sao Paulo"]
[Date "2022.11.04"]
[Round "3"]
[White "De Freitas, Fabio Ruiz"]
[Black "Bastos, Ricardo Alves"]
[Result "1-0"]
[WhiteElo "1673"]
[BlackElo "1415"]
[PlyCount "105"]
[EventDate "2022.11.03"]
[EventType "swiss"]
[EventRounds "7"]
[EventCountry "BRA"]
[SourceTitle "CBM 211 Extra"]
[Source "ChessBase"]
[SourceDate "2023.01.31"]
[SourceVersion "1"]
[SourceVersionDate "2023.01.31"]
[SourceQuality "1"]

1. Nf3 b6 2. c4 Bb7 3. Nc3 e6 4. a3 Nf6 5. d4 Be7 6. d5 0-0 7. e4 exd5 8. cxd5 d6 9. Bd3 Nbd7 10. 0-0 Ne5 11. Nd4 c5 12. dxc6 Nxc6 13. Nf5 Ne5 14. Bb1 Re8 15. Bf4 Bf8 16. Ne3 Ng6 17. Bg5 h6 18. Bxf6 Qxf6 19. Ned5 Qd8 20. f3 Bxd5 21. Nxd5 Rc8 22. Ba2 Qg5 23. Qa4 Nf4 24. Nxf4 Qxf4 25. Qxa7 Qe3+ 26. Kh1 Re7 27. Qa6 Rec7 28. h3 Be7 29. Qb5 Bf6 30. Rae1 Qf4 31. Qxb6 Be5 32. Qg1 Bxb2 33. g3 Qf6 34. Rb1 Bxa3 35. Bd5 Bc5 36. Qg2 Be3 37. f4 Rc2 38. Qf3 R8c3 39. Rb7 Rc7 40. Rxc7 Rxc7 41. Qxe3 g5 42. Rc1 Re7 43. Rb1 Kg7 44. Rb7 Rxb7 45. Bxb7 Qa1+ 46. Qg1 Qc3 47. Bd5 Kf6 48. fxg5+ Kxg5 49. Qf2 Qa1+ 50. Kg2 Qe5 51. h4+ Kh5 52. Qf3+ Kg6 53. Qxf7# 1-0

[Event "BRA Amateur-ch U1800"]
[Site "Sao Paulo"]
[Date "2022.11.03"]
[Round "2"]
[White "Bastos, Ricardo Alves"]
[Black "Suzuki, Ernesto Koh"]
[Result "1/2-1/2"]
[WhiteElo "1415"]
[BlackElo "1627"]
[PlyCount "73"]
[EventDate "2022.11.03"]
[EventType "swiss"]
[EventRounds "7"]
[EventCountry "BRA"]
[SourceTitle "CBM 211 Extra"]
[Source "ChessBase"]
[SourceDate "2023.01.31"]
[SourceVersion "1"]
[SourceVersionDate "2023.01.31"]
[SourceQuality "1"]

1. c4 c5 2. Nf3 Nf6 3. d4 cxd4 4. Nxd4 d6 5. Nc3 e6 6. e3 Be7 7. Be2 0-0 8. Qc2 Nc6 9. 0-0 a6 10. a3 Qc7 11. b4 Bd7 12. Bb2 Rac8 13. Rac1 Rfd8 14. Rfd1 Be8 15. Ne4 Ne5 16. Nf3 Ned7 17. Nxf6+ Bxf6 18. Bxf6 Nxf6 19. Nd4 e5 20. Nf5 g6 21. Nh6+ Kg7 22. Ng4 Nxg4 23. Bxg4 f5 24. Bf3 e4 25. Qb2+ Kg8 26. Be2 Qg7 27. Qxg7+ Kxg7 28. Rd4 b5 29. c5 d5 30. Rcd1 Bc6 31. g4 Kf6 32. Kg2 Rc7 33. Kg3 h6 34. h4 Re7 35. Bf1 Rg7 36. f4 exf3 37. Kxf3 1/2-1/2

[Event "Matinhos op 6th"]
[Site "Matinhos"]
[Date "2022.09.19"]
[Round "2.17"]
[White "Bastos, Ricardo Alves"]
[Black "Shaffer, Alexander"]
[Result "1/2-1/2"]
[WhiteElo "1421"]
[BlackElo "1698"]
[PlyCount "80"]
[EventDate "2022.09.18"]
[EventType "swiss"]
[EventRounds "7"]
[EventCountry "BRA"]
[SourceTitle "CBM 210 Extra"]
[Source "ChessBase"]
[SourceDate "2022.11.30"]
[SourceVersion "1"]
[SourceVersionDate "2022.11.30"]
[SourceQuality "1"]

1. c4 g6 2. d4 Nf6 3. Nc3 Bg7 4. e4 d6 5. f4 0-0 6. Nf3 c5 7. e5 dxe5 8. fxe5 Ng4 9. h3 cxd4 10. hxg4 dxc3 11. Qxd8 Rxd8 12. bxc3 Bxg4 13. Bf4 Bxf3 14. gxf3 Nc6 15. Rb1 Nxe5 16. Be2 Nd3+ 17. Bxd3 Rxd3 18. Rxb7 Rxf3 19. Bd2 e6 20. Ke2 Rf5 21. Rhb1 h5 22. Be3 Ra5 23. c5 Rxa2+ 24. Kd3 Ra6 25. Kc4 Rc6 26. Rb8+ Rc8 27. Rxa8 Rxa8 28. Rb7 Be5 29. c6 h4 30. Kc5 a5 31. Bd4 Bg3 32. c7 a4 33. Kc6 Rc8 34. Kd7 Rxc7+ 35. Rxc7 Bxc7 36. Kxc7 h3 37. Be5 a3 38. c4 a2 39. c5 h2 40. Bxh2 a1Q 1/2-1/2